000 00309nam a22001337a 4500
008 180924b xxu||||| |||| 00| 0 eng d
020 _a49748
041 _aeng
080 _a721
100 _a44
101 _aNDE
245 _aConstruction Planning, Equipment and Methods
_cPeurifoy, R.L
942 _2udc
_cBK
999 _c48371
_d48371